000
00188 a2200097 4500
020
_a
9780803240735
041
_a
eng
100
_a
Ron Kaplan
245
_a
501 baseball books
942
_c
BK
999
_c
10386
_d
10386